000 00896nam a22002417a 4500
999 _c15774
_d15774
003 MIRAKIL
005 20240325162816.0
008 240325b tu ||||| |||| 00| 0 tur d
020 _a9789751745576
040 _aTR-AnCHP
_cTR-AnCHP
041 _atur
082 _a494.3
_bY44t 2020
100 _aYıldırım, Hüseyin
245 1 0 _aTürkmen Türkçesi grameri :
_b(ses ve şekil bilgisi) /
_cHüseyin Yıldırım ; metin denetimi: Semih Topsakal.
260 _aAnkara :
_bTürk Dil Kurumu,
_c2020.
300 _a649 sayfa :
_btablo ;
_c24 cm
490 0 _aAtatürk Kültür, Dil ve Tarih Yüksek Kurumu Türk Dil Kurumu yayınları ;
_v1332.
500 _aTürkmen Türkçesi metin içerir.
504 _aKaynakça: sayfa [647]-649.
650 0 _97882
_aTürkmen dili
856 _zDijital Nüshası için Partimizin Kütüphane Sorumlusu ile iletişime geçiniz.
942 _2ddc
_cBKS